| 000 | 00689nam a2200205Ia 4500 | ||
|---|---|---|---|
| 003 | GCL | ||
| 008 | 140319s9999 xx 000 0 ara d | ||
| 020 | _a2112995397 | ||
| 040 |
_aGCL / _cGCL |
||
| 082 | 0 | 4 |
_a189.16 _bج ف |
| 100 | 1 | _aجمال شعبان | |
| 245 | 1 | 0 |
_aفكر ابن خلدون الحداثة والحضارة والهيمنة / _cجمال شعبان |
| 250 | _aالاولى | ||
| 260 |
_aبيروت : _bمركز دراسات الوحدة العربية ، _c2007 |
||
| 300 |
_a142 ص ؛ _c24 سم |
||
| 490 |
_aسلسلة كتب المستقبل العربى _v54 |
||
| 650 | 0 | 4 | _aالفلسفة الاسلامية |
| 650 | 0 | 4 | _aابن خلدون |
| 942 |
_2ddc _cBK |
||
| 999 |
_c9375 _d9375 |
||